00392nam a2200157Ia 45000010006000000050017000060080041000230410008000640820015000721000028000872450060001152600009001753000034001846500008002186540008002261404620260306164845.0260306t2011||||xx |||||||||||||| ||spa|| aESP a006.3bK21 aKantardzic, MehmedeAUT 0aData mining:bconcepts, models, methods, and algorithms c2011 axvii, 534 páginas :c24 cm. aGEN aCCC